00780nam a22002057a 450000500170000001000150001702000270003203500140005903700090007308200150008210000280009724500630012525000060018826000320019427001170022630000270034394200290037099900190039995201560041820250923121910.0 aENG-144338 a9788197414206c1295.00 aEN-127870 bDBAD a346.04821 aSreenivasulu N S985170 aInterfaces of Intellectual Property Law/cSreenivasulu N S a1 aHaryanab Lexis Nexisc2025 a14th Floor, Building No. 10, Tower-B, DLF Cyber City, Phase-II, GurgaonbHaryanae122002mhelp.in@lexisnexis.com axliii, 498p.c25cm(hb) 2ddccENh346.048mSREe1 c213446d213446 001040708NFICaLbLd2025-09-23eDelivery of Books Act Divisiong1295.00l0o346.048 SREpEN-127870r2025-09-23 00:00:00t1v1295.00w2025-09-23yEN